History Quiz

Random History Quiz

Pirates by their Nickname Quiz Stats

Quiz not verified by Sporcle

Challenge
Share
Tweet
Embed
Score 0/8 Timer 06:00
0 Plays Today
Nickname Pirate % Correct
BlackbeardEdward Teach
100%
Captain KiddWilliam Kidd
70.6%
Black BartBartholomew Roberts
47.1%
Black SamSamuel Bellamy
41.2%
Calico JackJack Rackam
23.5%
The Gentleman PirateStede Bonnet
23.5%
La Bouche (The Buzzard)Olivier Levasseur
11.8%
The 'Arch Pirate'Henry Every
11.8%

You're not logged in!

Compare scores with friends on all Sporcle quizzes.
Join for Free
OR
Log In

You Might Also Like...

Show Comments

Extras

Created May 21, 2012ReportNominate
Tags:pirate

Top Quizzes Today


Score Distribution

Your Account Isn't Verified!

In order to create a playlist on Sporcle, you need to verify the email address you used during registration. Go to your Sporcle Settings to finish the process.

Report this User

Report this user for behavior that violates our Community Guidelines.

Details: